| Tag |
First Indicator |
Second Indicator |
Subfields |
| LEADER |
00000nam a2200000 i 4500 |
| 001 |
in00005774949 |
| 005 |
20260327190432.9 |
| 006 |
m o d |
| 007 |
cr cnu---unuuu |
| 008 |
250508s2026 enk o 000 0 eng d |
| 040 |
|
|
|a OPELS
|b eng
|e rda
|e pn
|c OPELS
|d OCLCO
|
| 020 |
|
|
|z 9780443290947
|
| 035 |
|
|
|a (OCoLC)1518838623
|
| 050 |
|
4 |
|a QA39.3
|
| 082 |
0 |
4 |
|a 510
|2 23/eng/20250508
|
| 049 |
|
|
|a TXAM
|
| 100 |
1 |
|
|a McHugh, Andrew,
|e author.
|
| 245 |
1 |
0 |
|a Finite mathematics :
|b an introduction with applications in business, social sciences, and music /
|c Andrew McHugh.
|
| 264 |
|
1 |
|a London, United Kingdom :
|b Academic Press is an imprint of Elsevier,
|c [2026]
|
| 300 |
|
|
|a 1 online resource.
|
| 336 |
|
|
|a text
|b txt
|2 rdacontent
|
| 337 |
|
|
|a computer
|b c
|2 rdamedia
|
| 338 |
|
|
|a online resource
|b cr
|2 rdacarrier
|
| 520 |
|
|
|a Finite Mathematics: An Introduction with Applications in Business, Social Sciences, and Music presents core concepts of finite mathematics in a clear, intuitive fashion designed to reinforce understanding. The book begins with finite mathematics foundations, with explanations and exercises on combinatorics, logic, set theory, sequences and series, functions and functional notation, elementary probability, linear programming and systems, and Markov chains. Later chapters explore and explain a range of finite mathematics applications, from game theory to voting, apportionment, finance, graph theory, and the science and physics of music. Written with an accessible, example-based approach, this book engages STEM and non-STEM students alike, preparing them for courses across a range of quantitative fields, social sciences, and the liberal arts. Problem-solving exercises are featured at the conclusion of each subsection, with corresponding answers in the appendix. The book is also accompanied by a solutions manual, sample projects assignments, tests, lecture slides, and datasets on a companion website.
|
| 588 |
0 |
|
|a Online resource; title from PDF title page (ScienceDirect, viewed May 8, 2025).
|
| 650 |
|
0 |
|a Mathematics.
|
| 650 |
|
6 |
|a Mathématiques.
|
| 655 |
|
7 |
|a Electronic books.
|2 local
|
| 710 |
2 |
|
|a ScienceDirect (Online service)
|
| 856 |
4 |
0 |
|u http://proxy.library.tamu.edu/login?url=https://www.sciencedirect.com/science/book/9780443290947
|z Connect to the full text of this electronic book
|t 0
|
| 955 |
|
|
|a Elsevier ScienceDirect 2026-2027
|
| 994 |
|
|
|a 92
|b TXA
|
| 999 |
f |
f |
|i 6793ab2b-5d9f-4098-b217-90d38763e2db
|s 672136ed-1c0a-4e11-b895-090ef7b29048
|t 0
|
| 952 |
f |
f |
|a Texas A&M University
|b College Station
|c Electronic Resources
|s www_evans
|d Available Online
|t 0
|e QA39.3
|h Library of Congress classification
|
| 998 |
f |
f |
|a QA39.3
|t 0
|l Available Online
|